Obesity in children: ignorance is no bliss (Record no. 64419)

000 -LEADER
fixed length control field 00671pab a2200157 454500
008 - FIXED-LENGTH DATA ELEMENTS--GENERAL INFORMATION
fixed length control field 180718b2005 xxu||||| |||| 00| 0 eng d
100 ## - MAIN ENTRY--PERSONAL NAME
Personal name Garg, R.B.L.
245 ## - TITLE STATEMENT
Title Obesity in children: ignorance is no bliss
260 ## - PUBLICATION, DISTRIBUTION, ETC.
Date of publication, distribution, etc. 2005
300 ## - PHYSICAL DESCRIPTION
Extent p.36-37.
362 ## - DATES OF PUBLICATION AND/OR SEQUENTIAL DESIGNATION
Dates of publication and/or sequential designation Mar
520 ## - SUMMARY, ETC.
Summary, etc. The global epidemic of obesity has its roots in childhood. Wrong feeding practices by parents and the general lack of activity in the young coupled with `TV culture' is creating a generation of overweight children, adolescents and young adults who are afflicted with a variety of health problems. - Reproduced.
650 ## - SUBJECT ADDED ENTRY--TOPICAL TERM
Topical term or geographic name entry element Child welfare
773 ## - HOST ITEM ENTRY
Main entry heading Social Welfare
909 ## -
-- 64419
Holdings
Withdrawn status Lost status Damaged status Not for loan Permanent Location Current Location Date acquired Serial Enumeration / chronology Barcode Date last seen Price effective from Koha item type
        Indian Institute of Public Administration Indian Institute of Public Administration 2018-07-19 Volume no: 51, Issue no: 12 AR64871 2018-07-19 2018-07-19 Articles

Powered by Koha